| 000 | 00703nam a2200229 a 4500 | ||
|---|---|---|---|
| 999 |
_c864 _d864 |
||
| 001 | 864 | ||
| 003 | BD-JhCC | ||
| 005 | 20220807134021.0 | ||
| 008 | 171010s2010 bg |||| ||a| 000 0 ben d | ||
| 020 | _a9847015601461 | ||
| 035 | _a(BD-JhCC)864 | ||
| 040 |
_aBD-JhCC _dBD-JhCC |
||
| 041 | _aben | ||
| 082 |
_a891.443 _bJAD 2010 |
||
| 100 | _aজলদাস, হরিশংকর | ||
| 245 |
_aদহনকাল / _bহরিশংকর জলদাস |
||
| 260 |
_aঢাকা : _bমাওলা ব্রাদার্স প্রকাশনী, _c২০১০. |
||
| 300 |
_a176 p. : _bill. ; _c21 cm. |
||
| 650 |
_aBengali Novel _xNovel _zBanglladesh |
||
| 942 |
_2ddc _cBK _02 |
||